00393nam a22001337a 4500003000400000008004100004020001800045100004100063245003700104250001200141260006400153300000900217650003300226OSt210205b ||||| |||| 00| 0 eng d a9789352706921 aK.Sembulingam and Prema Sembuylingam aEssentials of Medical Physiology a8th Ed. aNew DelhibJaypee Brothers Medical Publishers (P) Ltdc2021 a1162 aHuman Anatomy and Physiology